minecraft nether quiz - Statistics

General Stats
  • This quiz has been taken 310 times
  • The average score is 9 of 11
Answer Stats
Hint Answer % Correct
can you place water in the nether? no
99%
can you sleep in the nether? no
99%
can spiders spawn in the nether? no
99%
can striders walk over lava? yes
99%
can bastions give a netherite ingot? yes
99%
Where will you find a blaze spawner? nether fortress
96%
what weapon does a wither skeleton use? stone sword
85%
what does hoglins drop if they die porkchop
71%
which biome has a lot of endermen? warped forest
68%
how long does wither last if a wither skeleton hits you? 10 seconds
42%
which height is where lava pools spawn. 31
34%
No matching quizzes found
Score Distribution
Percent of People with Each Score
Percentile by Number Answered
Your Score History
You have not taken this quiz